|
|
|
|
| LEADER |
00000nam a22000007a 4500 |
| 005 |
20111003130653.0 |
| 008 |
111003s2011 cl |||||s|||| 00||0 spa d |
| 020 |
|
|
|a 956-10-2025-4
|
| 035 |
|
|
|a 5938
|
| 040 |
|
|
|a vLex
|
| 090 |
|
|
|c 2593
|d 2593
|
| 100 |
1 |
|
|a Szczaranski Cerda, Clara Leonora
|
| 245 |
1 |
3 |
|a Un asunto criminal contemporǹeo. Rol de las empresas
|h [Recurso electrn̤ico] :
|b Responsabilidad penal de las personas jurd̕icas y corrupcin̤ /
|c Clara Leonora Szczaranski Cerda
|
| 256 |
|
|
|a Servicio en ln̕ea.
|
| 260 |
|
|
|a [Chile] :
|b Editorial jurd̕ica de Chile,
|c 2011.
|
| 300 |
|
|
|a 1 recurso electrn̤ico
|
| 506 |
1 |
|
|a Contenido solo disponible en los productos indicados
|d vLex Global
|d vLex Global (Academic Edition, excluding Law Schools)
|d vLex Global (U.S. Academic Edition, Law Schools)
|d vLex Global (U.S. Academic Edition, excluding Law Schools)
|d vLex Global (Academic Edition, Law Schools)
|
| 650 |
0 |
4 |
|a Sociedades
|x Prc̀ticas corruptas
|
| 740 |
0 |
|
|a vLex Libros (Servicio en ln̕ea)
|
| 856 |
4 |
0 |
|u http://vlex.com/source/5938
|z Acceso restringido
|
| 942 |
|
|
|c BOOK
|